000
00322nam a22001337a 4500
999
_c
13196
_d
13196
020
_a
9781259573798
082
_a
658.022
100
_a
Jerome Katz & Richard Green
245
_a
Entrepreneurial Small Business
250
_a
5th Edition
260
_a
USA
_b
McGraw Hill Education
_c
2018
300
_a
667 Pages
942
_c
BK